Základy účetnictví

Pokračovanie z minulého čísla. Oceňovanie obežných aktív pri spotrebe na základe individuálnych zaobstarávacích cien alebo prostredníctvom tzv. oceňovacích techník. Príklady. Pokračovanie v budúcom čísle.

Salvato in:
Dettagli Bibliografici
Autore principale: Dvořáková, Dana
Natura: Capitolo di libro
Lingua:ceco
Soggetti:
Tags: Aggiungi Tag
Nessun Tag, puoi essere il primo ad aggiungerne!!

MARC

LEADER 00000naa$a2200000$$$4500
001 0112047
005 20230925092101.6
041 0 |a cze 
044 |a CZ 
245 1 0 |a Základy účetnictví  |c Dana Dvořáková 
520 |a Pokračovanie z minulého čísla. Oceňovanie obežných aktív pri spotrebe na základe individuálnych zaobstarávacích cien alebo prostredníctvom tzv. oceňovacích techník. Príklady. Pokračovanie v budúcom čísle. 
610 2 0 |a účtovníctvo 
610 2 0 |a aktíva 
610 2 0 |a zásoby 
610 2 0 |a spotreba 
610 2 0 |a oceňovanie 
100 1 |a Dvořáková, Dana